000 00585nam a2200181Ia 4500
008 151018s9999 xx 000 0 und d
082 _bRBASDV50750
_a891.433
100 _aमोहिनी चाबडा
245 _aमटके उपर कटोरी
250 _b1
260 _bकिरण प्रकाशन
_c2007
300 _a20
600 _aमोहिनी चाबडा
630 _aमटके उपर कटोरी
700 _aमोहिनी चाबडा
730 _aमटके उपर कटोरी
942 _cBOOK
999 _c1049706
_d1049703